<?xml version="1.0" encoding="UTF-8"?>
<record
    xmlns:xsi="http://www.w3.org/2001/XMLSchema-instance"
    xsi:schemaLocation="http://www.loc.gov/MARC21/slim http://www.loc.gov/standards/marcxml/schema/MARC21slim.xsd"
    xmlns="http://www.loc.gov/MARC21/slim">

  <leader>00740nam a2200169 i 4500</leader>
  <controlfield tag="001">188052</controlfield>
  <controlfield tag="003">SpMaBN</controlfield>
  <controlfield tag="005">20230906223109.0</controlfield>
  <controlfield tag="008">180420s1927    sp bf        |||| | spa d</controlfield>
  <datafield tag="100" ind1="1" ind2=" ">
    <subfield code="a">Ram&#xF3;n y Arrufat, Antonio.</subfield>
    <subfield code="9">95225</subfield>
  </datafield>
  <datafield tag="245" ind1="1" ind2="3">
    <subfield code="a">La Orden Benedictina </subfield>
    <subfield code="b">: (resumen hist&#xF3;rico) / </subfield>
    <subfield code="c">Dom Antonio Ram&#xF3;n Arrufat ; traducido del catal&#xE1;n por Dom Gerardo M.&#xAA; Salvany.</subfield>
  </datafield>
  <datafield tag="260" ind1=" " ind2=" ">
    <subfield code="a">Montserrat : </subfield>
    <subfield code="b">[Monasterio de Ntra. Sra. de Montserrat], </subfield>
    <subfield code="c">1927.</subfield>
  </datafield>
  <datafield tag="300" ind1=" " ind2=" ">
    <subfield code="a">346 p., [27] h. de l&#xE1;m., [1] h. pleg. de mapa ; </subfield>
    <subfield code="c">19 cm.</subfield>
  </datafield>
  <datafield tag="610" ind1="2" ind2="4">
    <subfield code="a">Benedictinos-</subfield>
    <subfield code="v">Historia.</subfield>
    <subfield code="9">162036</subfield>
  </datafield>
  <datafield tag="710" ind1="2" ind2=" ">
    <subfield code="a">Abad&#xED;a de Montserrat.</subfield>
    <subfield code="9">1133</subfield>
  </datafield>
  <datafield tag="852" ind1=" " ind2=" ">
    <subfield code="a">ES-MaACL</subfield>
    <subfield code="j">L-31932 </subfield>
    <subfield code="z">- Enc. cart. </subfield>
    <subfield code="z">. - Donat. herederos de la bibl. de M&#xAA; del Pilar Costa Palac&#xED;n</subfield>
  </datafield>
  <datafield tag="999" ind1=" " ind2=" ">
    <subfield code="c">188052</subfield>
    <subfield code="d">188052</subfield>
  </datafield>
  <datafield tag="952" ind1=" " ind2=" ">
    <subfield code="0">0</subfield>
    <subfield code="1">0</subfield>
    <subfield code="4">0</subfield>
    <subfield code="7">0</subfield>
    <subfield code="a">ATENEOM</subfield>
    <subfield code="b">ATENEOM</subfield>
    <subfield code="c">DEPO2</subfield>
    <subfield code="d">2018-04-20</subfield>
    <subfield code="e">DON</subfield>
    <subfield code="l">0</subfield>
    <subfield code="o">L-31932</subfield>
    <subfield code="p">1198741</subfield>
    <subfield code="r">2023-02-23 00:00:00</subfield>
    <subfield code="w">2023-02-23</subfield>
    <subfield code="y">MONOGRAFIA</subfield>
  </datafield>
</record>
